James Andrew Robinson v P. E. Jones (Contractors) Limited (Record no. 82983)
[ view plain ]
| 000 -LEADER | |
|---|---|
| fixed length control field | 01015cad a22001935a 4500 |
| 001 - CONTROL NUMBER | |
| control field | L152484 |
| 008 - FIXED-LENGTH DATA ELEMENTS--GENERAL INFORMATION | |
| fixed length control field | 110316e2011 xxk 000 0 eng d |
| 035 ## - SYSTEM CONTROL NUMBER | |
| System control number | (Sirsi) u152484 |
| 041 0# - LANGUAGE CODE | |
| Language code of text/sound track or separate title | eng |
| 245 00 - TITLE STATEMENT | |
| Title | James Andrew Robinson v P. E. Jones (Contractors) Limited |
| Medium | [electronic resource] |
| 260 ## - PUBLICATION, DISTRIBUTION, ETC. | |
| Date of publication, distribution, etc. | 2011 |
| 520 ## - SUMMARY, ETC. | |
| Summary, etc. | [2011] EWCA Civ 9 (0359), 18 January 2011. Contractor's duty of care; how it applies to building contracts; contractual clause; tortious liability; torts; construction law; law of limitation; limitation periods; claim; economic loss. |
| 590 ## - LOCAL NOTE (RLIN) | |
| Local note | KA |
| 650 24 - SUBJECT ADDED ENTRY--TOPICAL TERM | |
| Topical term or geographic name entry element | JAMES ANDREW ROBINSON V P. E. JONES (CONTRACTORS) LIMITED |
| 651 #4 - SUBJECT ADDED ENTRY--GEOGRAPHIC NAME | |
| Geographic name | England and Wales |
| Chronological subdivision | 1543- |
| 690 ## - LOCAL SUBJECT ADDED ENTRY--TOPICAL TERM (OCLC, RLIN) | |
| Topical term or geographic name as entry element | BUILT ENVIRONMENT-CONSTRUCTION MANAGEMENT-BUILDING CONTRACT ADMINISTRATION |
| 856 48 - ELECTRONIC LOCATION AND ACCESS | |
| Uniform Resource Identifier | <a href="https://www.bailii.org/cgi-bin/markup.cgi?doc=/ew/cases/EWCA/Civ/2011/9.html&query=title+(+robinson+)+and+title+(+v+)+and+title+(+jones+)&method=boolean">https://www.bailii.org/cgi-bin/markup.cgi?doc=/ew/cases/EWCA/Civ/2011/9.html&query=title+(+robinson+)+and+title+(+v+)+and+title+(+jones+)&method=boolean</a> |
| Public note | View the law report free of charge at www.bailii.org |
| 942 ## - ADDED ENTRY ELEMENTS (KOHA) | |
| Suppress in OPAC | 0 |
| Withdrawn status | Lost status | Source of classification or shelving scheme | Damaged status | Not for loan | Home library | Current library | Shelving location | Date acquired | Total Checkouts | Full call number | Barcode | Date last seen | Copy number | Price effective from | Koha item type |
|---|---|---|---|---|---|---|---|---|---|---|---|---|---|---|---|
| Dewey Decimal Classification | Virtual | Virtual | Online | 16/03/2011 | ONLINE PUBLICATION | 152484-2001 | 06/08/2019 | 1 | 06/08/2019 | Book |